000 00698nam a2200289Ia 4500
005 20260324132527.0
008 008 260324s9999 xx 000 0 eng d
020 _a9780203401972
037 _aEBOOK
040 _aCRL
040 _beng
040 _cCRL
041 _2eng
041 _aeng
084 _qCRL
100 _aOle B. Jensen; Tim Richardson
_91189629
245 0 _aMaking European Space
245 0 _bMobility, Power and Territorial Identity
260 _bTaylor and Francis
260 _c2004
365 _a
365 _b82.99
856 _uhttp://www.taylorfrancis.com/books/9780203401972
942 _cEBOOK
999 _c1787803
_d1787803